| 000 | 00773 a2200181 4500 | ||
|---|---|---|---|
| 020 | _a0072382112 | ||
| 020 | _a0072382112 | ||
| 040 | _aDLC | ||
| 082 | 0 | 0 | _a901.285 |
| 100 | 1 | _aChang, Kang-Tsung. | |
| 245 | 1 | 0 |
_aIntroduction to geographic information systems _cKang-tsung Chang. |
| 250 | _a1st ed. | ||
| 260 |
_aBoston : _bMcGraw-Hill, _cc2002. |
||
| 300 |
_axviii, 348 p. : _bill., maps ; _c25 cm. + _e1 computer optical disc (4 3/4 in.) |
||
| 538 | _aSystem requirements: Pentium 60 or better (Pentium 233 recommended); Windows 95 or better; 16 MB RAM (32 RAM or higher recommended); 800 x 600 x 8-bit color display (16-bit or higher recommended); 4x CD-ROM drive (16x or better recommended) | ||
| 650 | 0 | _aGeographic information systems. | |
| 942 |
_cBK _k901.285 CHA _2ddc |
||
| 999 |
_c5085 _d5085 |
||